| 000 | 01023nam a22002777a 4500 | ||
|---|---|---|---|
| 999 |
_c6580 _d6580 |
||
| 003 | OSt | ||
| 005 | 20260227111140.0 | ||
| 008 | 180320b xxu||||| |||| 00| 0 spa d | ||
| 020 | _a9789505693764 | ||
| 040 | _cPJ | ||
| 100 |
_93802 _aLöffler, Ernesto Adrián |
||
| 245 | 1 | 0 |
_aCómo hacer y defender una tesis / _cErnesto Adrián Loffler, Francisco Cappellotti con la colaboración de Julieta Frick y prólogo de Santiago Otamendi. |
| 250 | _a2a. ed. act. y amp. | ||
| 260 |
_aUshuaia : _bÁbaco, _c2025. |
||
| 300 |
_a344 p. _c23 cm. |
||
| 500 | _aBibliografía: p. 343 | ||
| 504 | _aBibliografía y notas a pie de página. | ||
| 505 | _aIncluye material sobre el uso de la inteligencia artificial en el ámbito académico. | ||
| 650 | 0 |
_9209 _aDERECHO EN GENERAL |
|
| 650 | 0 | _aTESIS | |
| 650 | 0 |
_95817 _aINTELIGENCIA ARTIFICIAL |
|
| 700 |
_93817 _aCappellotti, Francisco José |
||
| 700 |
_95965 _aFrick, Julieta _ecolaboradora |
||
| 700 |
_97149 _aOtamendi, Santiago _eprologuista |
||
| 942 |
_2udc _cLIB _iLOF |
||